000 00351 a2200157 4500
001 70164
020 _a8576710072
040 _cAnchieta - Itaigara
100 _aObeid, César
240 1 0 _aO soldadinho de chumbo
_lpor
245 1 0 _aO soldadinho de chumbo
300 _a20
362 0 _a2005
650 4 _aLiteratura infanto-juvenil
942 _cBK
999 _c70164
_d70164